|
|
|
|
| LEADER |
00000csc a2200000 a 4500 |
| 001 |
91859 |
| 005 |
20230308212645.0 |
| 008 |
000000|1952 ||||||||r|||||||||||spa|| |
| 040 |
|
|
|b spa
|
| 041 |
1 |
|
|a spa
|
| 082 |
0 |
|
|a 345.05
|
| 100 |
1 |
|
|a Fenech, Miguel
|9 52936
|
| 245 |
1 |
1 |
|a Derecho procesal penal
|c Miguel Fenech
|h imp
|n tomo 1
|
| 264 |
|
|
|a Barcelona
|b Labor
|c 1952
|
| 300 |
|
|
|a 881 páginas:
|c 23 cm
|
| 650 |
1 |
|
|a Derecho penal
|9 9222
|
| 650 |
1 |
|
|a Procedimiento penal
|9 8115
|
| 650 |
1 |
|
|a Derecho procesal penal
|9 2110
|
| 852 |
|
|
|a UC-CDJBV
|c PRIMER PISO
|f Compra
|k sara.alvarado
|l 1
|m General
|p 00000000
|r 2
|t 91859
|b 0
|d CDRC
|e CDRC
|g 345.05 PRIMER PISO
|z 0000-00-00
|
| 942 |
|
|
|
| 999 |
|
|
|c 122806
|d 122806
|